000 00616nam a2200241Ia 4500
003 OSt
005 20220918214428.0
006 a|||||r|||| 00| 0
007 ta
008 220917b |||||||| |||| 00| 0 eng d
024 _a137,482
037 _cTextual
040 _aARTS
_cARTS
_beng
041 _2eng
_aeng
082 _aXM2.N, N2
100 _aBose Pradip
_9131333
245 0 _aContemporary socialism
_b an analysis
260 _aNew Delhi
_bHerman Pub
_c1992
300 _a188p.
_ccm.
650 _aECONOMICS
942 _hXM2.N, N2
_cTEXL
_2CC
999 _c260563
_d260563